|
|
|
|
| LEADER |
00000nam0a2200000 4500 |
| 001 |
374544 |
| 005 |
20231101051219.0 |
| 035 |
|
|
|a (RuTPU)RU\TPU\retro\31978
|
| 035 |
|
|
|a RU\TPU\book\207144
|
| 090 |
|
|
|a 374544
|
| 100 |
|
|
|a 20221219d1908 km y0rusy50 ca
|
| 101 |
1 |
|
|a rus
|
| 102 |
|
|
|a RU
|
| 105 |
|
|
|a a z 001zy
|
| 200 |
1 |
|
|a Железо, сталь и другие сплавы
|f H. M. Howe (Гове)
|
| 210 |
|
|
|a СПб.
|c Издание А. С. Суворина
|d 1908
|
| 215 |
|
|
|a 548 с.
|c ил.
|
| 320 |
|
|
|a Указатель: с. 543-548.
|
| 610 |
1 |
|
|a металлургия
|
| 610 |
1 |
|
|a железо
|
| 610 |
1 |
|
|a сталь
|
| 610 |
1 |
|
|a сплавы
|
| 610 |
1 |
|
|a бинарные сплавы
|
| 610 |
1 |
|
|a строение
|
| 610 |
1 |
|
|a кривые
|
| 610 |
1 |
|
|a электропроводность
|
| 610 |
1 |
|
|a металлография
|
| 610 |
1 |
|
|a тепловая обработка
|
| 610 |
1 |
|
|a правило фаз
|
| 610 |
1 |
|
|a руды
|
| 610 |
1 |
|
|a извлечение
|
| 610 |
1 |
|
|a переработка
|
| 610 |
1 |
|
|a доменные печи
|
| 610 |
1 |
|
|a газовые печи
|
| 675 |
|
|
|a 669.1
|v 3
|
| 700 |
|
1 |
|a Howe (Гове)
|b H. M.
|g Henry Marion
|
| 801 |
|
1 |
|a RU
|b 63413507
|c 20110119
|
| 801 |
|
2 |
|a RU
|b 63413507
|c 20221219
|g RCR
|
| 942 |
|
|
|c BK
|